(Khmer) Jesus is born / (Record no. 49827)
| 000 -LEADER | |
|---|---|
| fixed length control field | 00347nam a2200121 4500 |
| 020 ## - INTERNATIONAL STANDARD BOOK NUMBER | |
| International Standard Book Number | 9789996375224 |
| 245 ## - TITLE STATEMENT | |
| Title | (Khmer) Jesus is born / |
| 260 ## - PUBLICATION, DISTRIBUTION, ETC. (IMPRINT) | |
| Place of publication, distribution, etc | Cambodia: |
| Name of publisher, distributor, etc | The Bible Society; |
| Date of publication, distribution, etc | 2005. |
| 300 ## - PHYSICAL DESCRIPTION | |
| Extent | unpaged. |
| Other physical details | col. ill. |
| Dimensions | 18 cm. |
| 490 ## - SERIES STATEMENT | |
| Series statement | Words of Wisdom series; |
| 650 ## - SUBJECT ADDED ENTRY--TOPICAL TERM | |
| Topical term or geographic name as entry element | Bible stories. Jesus' birth. |
| 9 (RLIN) | 86965 |
| 942 ## - ADDED ENTRY ELEMENTS (KOHA) | |
| Source of classification or shelving scheme | |
| Koha item type | Khmer NON FIC Books |
| Withdrawn status | Lost status | Source of classification or shelving scheme | Damaged status | Not for loan | Collection code | Home library | Current library | Shelving location | Date acquired | Total Checkouts | Total Renewals | Full call number | Barcode | Date last seen | Date checked out | Price effective from | Koha item type |
|---|---|---|---|---|---|---|---|---|---|---|---|---|---|---|---|---|---|
| Siem Riep | Asian Hope Secondary Library | Asian Hope Secondary Library | 12/03/2025 | 2 | 1 | 220.9505 JES | 208592 | 04/24/2026 | 04/03/2026 | 12/03/2025 | Khmer NON FIC Books |